The applause of heaven / (Record no. 6304)
[ view plain ]
| 000 -LEADER | |
|---|---|
| fixed length control field | 00551cam a2200181 a 4500 |
| 001 - CONTROL NUMBER | |
| control field | 1643313 |
| 005 - DATE AND TIME OF LATEST TRANSACTION | |
| control field | 20250605123540.0 |
| 008 - FIXED-LENGTH DATA ELEMENTS--GENERAL INFORMATION | |
| fixed length control field | 960611s1996 txua b 000 0 eng |
| 020 ## - INTERNATIONAL STANDARD BOOK NUMBER | |
| International Standard Book Number | 0849913241 |
| 050 00 - LIBRARY OF CONGRESS CALL NUMBER | |
| Classification number | BT382 |
| Item number | .L8 1996 |
| 082 00 - DEWEY DECIMAL CLASSIFICATION NUMBER | |
| Classification number | 226.9/306 |
| Edition information | 20 |
| 100 1# - MAIN ENTRY--PERSONAL NAME | |
| Personal name | Lucado, Max. |
| 245 14 - TITLE STATEMENT | |
| Title | The applause of heaven / |
| Statement of responsibility, etc. | Max Lucado. |
| 260 ## - PUBLICATION, DISTRIBUTION, ETC. | |
| Place of publication, distribution, etc. | Dallas [Tex.] : |
| Name of publisher, distributor, etc. | Word Pub., |
| Date of publication, distribution, etc. | 1996. |
| 300 ## - PHYSICAL DESCRIPTION | |
| Extent | xv, 200 p. : |
| Other physical details | ill. ; |
| Dimensions | 25 cm. |
| 856 42 - ELECTRONIC LOCATION AND ACCESS | |
| Materials specified | Publisher description |
| Uniform Resource Identifier | <a href="http://www.loc.gov/catdir/enhancements/fy0609/96158744-d.html">http://www.loc.gov/catdir/enhancements/fy0609/96158744-d.html</a> |
| 942 ## - ADDED ENTRY ELEMENTS (KOHA) | |
| Source of classification or shelving scheme | Library of Congress Classification |
| Koha item type | Books |
| Suppress in OPAC | No |
| 999 ## - | |
| -- | 6304 |
| -- | 6304 |
| Withdrawn status | Lost status | Source of classification or shelving scheme | Damaged status | Not for loan | Collection | Home library | Current library | Shelving location | Date acquired | Total checkouts | Full call number | Barcode | Date last seen | Copy number | Price effective from | Koha item type |
|---|---|---|---|---|---|---|---|---|---|---|---|---|---|---|---|---|
| Library of Congress Classification | Non-fiction | Undergraduate Library (Christ Temple) | Undergraduate Library (Christ Temple) | General stacks | 06/05/2025 | BT382.18 LUC | ulct00003050 | 06/05/2025 | 1 | 06/05/2025 | Books |